Sports Quiz

Random Sports Quiz

Atlanta Hawks Stat Leaders (2001-2019) Quiz Stats

 Plays Quiz not verified by Sporcle

Score 0/90 Timer 10:00
0 Plays Today
Year,stat Player % Correct
PTS (2011-2012)Joe Johnson,Josh Smith
94.8%
PTS (2012-2013)Josh Smith
94.8%
PTS (2013-2014)Al Horford
94.8%
REB (2006-2007)Josh Smith
94.8%
REB (2007-2008)Al Horford
94.8%
REB (2008-2009)Al Horford
94.8%
REB (2009-2010)Al Horford
94.8%
REB (2010-2011)Al Horford
94.8%
REB (2011-2012)Josh Smith
94.8%
REB (2012-2013)Al Horford
94.8%
STL (2007-2008)Josh Smith
94.8%
STL (2009-2010)Josh Smith
94.8%
STL (2008-2009)Josh Smith
94.8%
STL (2010-2011)Josh Smith
94.8%
BLK (2004-2005)Josh Smith
94.8%
BLK (2006-2007)Josh Smith
94.8%
BLK (2005-2006)Josh Smith
94.8%
BLK (2007-2008)Josh Smith
94.8%
BLK (2008-2009)Josh Smith
94.8%
BLK (2010-2011)Josh Smith
94.8%
BLK (2009-2010)Josh Smith
94.8%
BLK (2012-2013)Josh Smith
94.8%
BLK (2011-2012)Josh Smith
94.8%
BLK (2013-2014)Al Horford
94.8%
BLK (2014-2015)Al Horford
94.8%
PTS (2006-2007)Joe Johnson
93.1%
PTS (2005-2006)Joe Johnson
93.1%
PTS (2007-2008)Joe Johnson
93.1%
PTS (2008-2009)Joe Johnson
93.1%
PTS (2009-2010)Joe Johnson
93.1%
Year,stat Player % Correct
PTS (2010-2011)Joe Johnson
93.1%
AST (2005-2006)Joe Johnson
93.1%
AST (2006-2007)Speedy Claxton,Joe Johnson
93.1%
AST (2008-2009)Joe Johnson
93.1%
AST (2009-2010)Joe Johnson
93.1%
AST (2010-2011)Joe Johnson
93.1%
STL (2005-2006)Joe Johnson
93.1%
AST (2018-2019)Trae Young
91.4%
AST (2011-2012)Jeff Teague
87.9%
AST (2012-2013)Jeff Teague
87.9%
AST (2013-2014)Jeff Teague
87.9%
AST (2014-2015)Jeff Teague
87.9%
AST (2015-2016)Jeff Teague
87.9%
STL (2011-2012)Jeff Teague
87.9%
STL (2012-2013)Jeff Teague
87.9%
PTS (2014-2015)Paul Millsap
86.2%
PTS (2015-2016)Paul Millsap
86.2%
PTS (2016-2017)Paul Millsap
86.2%
REB (2013-2014)Paul Millsap
86.2%
REB (2014-2015)Paul Millsap
86.2%
REB (2015-2016)Paul Millsap
86.2%
STL (2013-2014)Paul Millsap
86.2%
STL (2014-2015)Paul Millsap
86.2%
STL (2015-2016)Paul Millsap
86.2%
BLK (2015-2016)Paul Millsap
86.2%
PTS (2018-2019)John Collins
75.9%
REB (2018-2019)John Collins
75.9%
BLK (2017-2018)John Collins
75.9%
REB (2016-2017)Dwight Howard
69%
BLK (2016-2017)Dwight Howard
69%
Year,stat Player % Correct
PTS (2017-2018)Dennis Schroder
65.5%
AST (2016-2017)Dennis Schroder
65.5%
AST (2017-2018)Dennis Schroder
65.5%
STL (2017-2018)Kent Bazemore
63.8%
STL (2018-2019)Kent Bazemore,Deandre Bembry
63.8%
REB (2017-2018)Dewayne Dedmon
60.3%
BLK (2017-2018)Dewayne Dedmon
60.3%
PTS (2001-2002)Shareef Abdur-Rahim
58.6%
PTS (2003-2004)Shareef Abdur-Rahim
58.6%
REB (2001-2002)Shareef Abdur-Rahim
58.6%
REB (2002-2003)Shareef Abdur-Rahim
58.6%
REB (2003-2004)Shareef Abdur-Rahim
58.6%
BLK (2001-2002)Shareef Abdur-Rahim
58.6%
AST (2001-2002)Jason Terry
55.2%
AST (2002-2003)Jason Terry
55.2%
AST (2003-2004)Jason Terry
55.2%
STL (2001-2002)Jason Terry
55.2%
STL (2002-2003)Jason Terry
55.2%
STL (2006-2007)Speedy Claxton
53.4%
AST (2007-2008)Mike Bibby
50%
BLK (2003-2004)Theo Ratliff
48.3%
BLK (2002-2003)Theo Ratliff
48.3%
STL (2003-2004)Stephen Jackson
41.4%
PTS (2002-2003)Glenn Robinson
32.8%
PTS (2004-2005)Antoine Walker
32.8%
REB (2004-2005)Antoine Walker
32.8%
REB (2005-2006)Zaza Pachulia
29.3%
STL (2016-2017)Thabo Sefolosha
22.4%
STL (2004-2005)Al Harrington
20.7%
AST (2004-2005)Tyronn Lue
17.2%

You're not logged in!

Compare scores with friends on all Sporcle quizzes.
OR
Log In

Show Comments

Extras

Top Quizzes Today


Score Distribution

Your Account Isn't Verified!

In order to create a playlist on Sporcle, you need to verify the email address you used during registration. Go to your Sporcle Settings to finish the process.

Report this User

Report this user for behavior that violates our Community Guidelines.

Details: